000 00468pab a2200169 454500
008 180718b2005 xxu||||| |||| 00| 0 eng d
100 _aBose, Sarmila
245 _aAnatomy of violence: analysis of civil war in east Pakistan in 1971
260 _c2005
300 _ap.4463-471
362 _a8 Oct
650 _aViolence - East Pakistan
650 _aCivil war - East Pakistan
650 _aCivil war
773 _aEconomic and Political Weekly
909 _a67653
999 _c67653
_d67653